Euro ako medzinárodná mena

Euro ako medzinárodná mena a jej vplyv na bankový sektor a na podnikateľské subjekty. Zvýšenie konkurencie v bankovníctve. Dopad na firmy na území SR.

Gespeichert in:
Bibliographische Detailangaben
1. Verfasser: Kollár, Jozef
Format: Buchkapitel
Sprache:Slowakisch
Schlagworte:
Tags: Tag hinzufügen
Keine Tags, Fügen Sie das erste Tag hinzu!

MARC

LEADER 00000naa a2200000 4500
001 r034142
005 20041019155600.2
041 0 |a slo 
044 |a SK 
245 1 0 |a Euro ako medzinárodná mena  |c Jozef Kollár 
520 |a Euro ako medzinárodná mena a jej vplyv na bankový sektor a na podnikateľské subjekty. Zvýšenie konkurencie v bankovníctve. Dopad na firmy na území SR. 
610 2 0 |a euro 
610 2 0 |a mena 
610 2 0 |a bankovníctvo 
610 2 0 |a konkurencia 
610 2 0 |a Slovensko 
100 1 |a Kollár, Jozef